De la transición a la transferencia del canal I: 1978-1999 /
Examinan los autores desde perspectivas históricas, los problemas de la transición del Canal de Panamá a la República de Panamá de 1978 a 1999. Asimismo, estudian la creación de instituciones establecidas por el gobierno panameño para la Administración de la Región Interoceánica del Canal
שמור ב:
| מחבר ראשי: | |
|---|---|
| מחברים אחרים: | |
| פורמט: | Texto |
| נושאים: | |
| תגים: |
הוספת תג
אין תגיות, היה/י הראשונ/ה לתייג את הרשומה!
|
MARC
| LEADER | 00000 a a2200000 04500 | ||
|---|---|---|---|
| 001 | 18306 | ||
| 003 | |||
| 040 | |||
| 100 | |a Araúz, Celestino Andrés | ||
| 245 | |a De la transición a la transferencia del canal I: 1978-1999 / |c Celestino Andrés Araúz | ||
| 500 | |a Segunda parte en volumen 3, número 1, jun. 2001. NA 19140.01 | ||
| 520 | |a Examinan los autores desde perspectivas históricas, los problemas de la transición del Canal de Panamá a la República de Panamá de 1978 a 1999. Asimismo, estudian la creación de instituciones establecidas por el gobierno panameño para la Administración de la Región Interoceánica del Canal | ||
| 650 | |a ZONA DEL CANAL DE PANAMA | ||
| 650 | |a ADMINISTRACION | ||
| 650 | |a VIAS NAVEGABLES | ||
| 650 | |a POLITICA GUBERNAMENTAL | ||
| 650 | |a DESARROLLO ECONOMICO Y SOCIAL | ||
| 700 | |a Pizzurno, Patricia | ||
| 773 | |g volumen 2, número 2; páginas 19-58 | ||
| 999 | |c 24115 |d 24115 | ||
